Economies in transition : Structural adjustment in OECD countries

Gespeichert in:
Bibliographische Detailangaben
Format: Buch
Sprache:Undetermined
Veröffentlicht: Paris O.E.C.D 1989
Schlagworte:
Tags: Tag hinzufügen
Keine Tags, Fügen Sie den ersten Tag hinzu!
Thư viện lưu trữ: Trung tâm Học liệu Trường Đại học Cần Thơ
LEADER 00450nam a2200157Ia 4500
001 CTU_79600
008 210402s9999 xx 000 0 und d
082 |a 338.920 
082 |b E17 
245 0 |a Economies in transition : 
245 0 |b Structural adjustment in OECD countries 
260 |a Paris 
260 |b O.E.C.D 
260 |c 1989 
650 |a Economic stabilization,Industrial policy 
980 |a Trung tâm Học liệu Trường Đại học Cần Thơ